000
00269nam a2200121 a 4500
008
100923s1974|||| d
100
1
_a
Flaubert, Gustave
245
1
0
_a
Salambo
260
_b
Tatran
_a
Bratislava
_c
1974
020
_c
22
044
_a
xo
_c
SK
041
_a
slo
999
_c
10639
_d
10639